Biblioteca

Todos los hombres son mortales (Registro nro. 68020)

Detalles MARC
000 -LÍDER
Campo fijo de descripción fija 01119nam a2200193 i 4500
001 - NÚMERO DE CONTROL
Campo de control 768714001
003 - IDENTIFICADOR DEL NÚMERO DE CONTROL
Campo de control CO-MdFUSB
005 - FECHA Y HORA DE LA ULTIMA TRANSACCIÓN
control field 20220727145306.0
008 - ELEMENTOS DE LONGITUD FIJA -- INFORMACIÓN GENERAL
Campo fijo de descripción fija -- Información general 220727t1984 ck |||| |||| 00| 0 spa d
040 ## - FUENTE DE CATALOGACIÓN
Idioma de catalogación spa
Agencia que realiza la transcripción CO-MdFUSB
Agencia que realiza la modificación CO-MdFUSB
041 ## - CÓDIGO DE IDIOMA
Código de idioma para texto/pista de sonido o título separado spa
100 ## - ASIENTO PRINCIPAL--NOMBRE PERSONAL
Nombre personal Beauvoir, Simone de,
Término relacionador autor
245 ## - TÍTULO
Título Todos los hombres son mortales
Mención de responsabilidad / Simone de Beauvoir
300 ## - DESCRIPCIÓN FÍSICA
Extensión Volumen 14, (1984) páginas 279 - 542 ;
Dimensiones 22 cm
520 ## - NOTA DE RESUMEN, ETC.
Nota de sumario, etc. En esta obra Simone de Beauvoir expone su visión de la inmortalidad mediante una sugerente propuesta narrativa. En 1311 Raymond Fosca, príncipe de Carmona, tiene la oportunidad de lleva a cabo un ambicioso proyecto político y resolver, al mismo tiempo, sus problemas amorosos; pero ésta es también la historia de una desilusión. A través de sus viajes y de su intervención en episodios cruciales de la historia, Fosca se enfrentará al único enemigo capaz de derrotar al hombre: el tiempo.
650 #7 - ASIENTO SECUNDARIO DE MATERIA - TERMINO TEMÁTICO
9 (RLIN) 2654
Término temático o nombre geográfico como elemento de entrada Literatura francesa
773 0# - ASIENTO DE ITEM FUENTE
Biblionumber 67924
Itemnumber 81153
Asiento principal Oveja Negra,
Otro identificador del ítem 24703
Título Maestros de la literatura universal
Número de control del registro (CO-MdFUSB)768714001
International Standard Book Number 8482806718
942 ## - TIPO DE MATERIAL (KOHA)
Tipo de Item KOHA Libros General

No hay ítems disponibles.

Biblioteca FUSBC | Teléfono: (57+4) 349 88 10 Ext. 141| WhatsApp (+57) 3005338115 
E-mail: biblioteca@unisbc.edu.co | Calle 76 87-14 Robledo Palenque, Medellín, Colombia

Con tecnología Koha